[Event "Avoine op 25th"]
[Site "Avoine"]
[Date "2010.07.19"]
[Round "3.29"]
[White "Giua, Stephanie"]
[Black "Pucher, Sebastien"]
[Result "1/2-1/2"]
[WhiteElo "1962"]
[BlackElo "2251"]
[PlyCount "113"]
[EventDate "2010.07.??"]
[EventType "swiss"]
[EventRounds "9"]
[EventCountry "FRA"]
[WhiteTeamCountry "FRA"]
[BlackTeamCountry "FRA"]

1. e4 c5 2. Nc3 Nc6 3. g3 g6 4. Bg2 Bg7 5. d3 d6 6. Be3 e5 7. Qd2 Nge7 8. Nge2
Nd4 9. O-O O-O 10. Nd1 d5 11. c3 Nxe2+ 12. Qxe2 d4 13. Bd2 Be6 14. c4 Rb8 15.
b4 cxb4 16. Bxb4 b5 17. cxb5 Rxb5 18. Be1 Qd7 19. f4 Rfb8 20. Rc1 Rc8 21. Rc2
Rxc2 22. Qxc2 Qc6 23. Qe2 Qc1 24. fxe5 Bxe5 25. Bf3 Rb1 26. Rf2 Ra1 27. Bb4
Rxa2 28. Qe1 Nc6 29. Rxa2 Bxa2 30. Nf2 Qxe1+ 31. Bxe1 h5 32. Bd1 a5 33. Ba4 Nb4
34. Kf1 Kf8 35. Ke2 Ke7 36. Nd1 Be6 37. Nb2 Bg4+ 38. Kf2 f6 39. Bb5 Kd6 40. Bc4
h4 41. Bd2 hxg3+ 42. hxg3 g5 43. Be1 Bd7 44. Bb3 Bb5 45. Ke2 Kc5 46. Na4+ Kc6
47. Nb2 Kd6 48. Bc4 Kc5 49. Bb3 Bc7 50. Na4+ Kd6 51. Nb2 Nc6 52. Bd2 Bb6 53.
Be1 Bc5 54. Bc4 Bxc4 55. Nxc4+ Ke6 56. Nxa5 Ne5 57. Nb3 1/2-1/2

[Event "Avoine op 25th"]
[Site "Avoine"]
[Date "2010.07.21"]
[Round "5.18"]
[White "Gomard, Jonathan"]
[Black "Grigore, George Gabriel"]
[Result "0-1"]
[WhiteElo "1720"]
[BlackElo "2532"]
[PlyCount "62"]
[EventDate "2010.07.??"]
[EventType "swiss"]
[EventRounds "9"]
[EventCountry "FRA"]
[WhiteTeamCountry "FRA"]
[BlackTeamCountry "FRA"]

1. e4 c6 2. d4 d5 3. Nd2 dxe4 4. Nxe4 Bf5 5. Ng3 Bg6 6. Nf3 Nd7 7. Bd3 Ngf6 8.
Bxg6 hxg6 9. c4 e6 10. O-O Qc7 11. Ng5 Bd6 12. c5 Bf4 13. Qf3 Rh4 14. Bxf4 Qxf4
15. Qxf4 Rxf4 16. Rad1 Rd8 17. Ne2 Rh4 18. Nf3 Rh8 19. Nc3 Nb8 20. Rfe1 Na6 21.
Ne4 Nxe4 22. Rxe4 Nxc5 23. Ree1 Na4 24. d5 cxd5 25. Rc1 Nb6 26. Rc7 Rd7 27.
Rec1 f6 28. Nd4 Ke7 29. Nb5 a6 30. Rxd7+ Nxd7 31. Nd4 Rh4 0-1

[Event "Avoine op 25th"]
[Site "Avoine"]
[Date "2010.07.21"]
[Round "5.30"]
[White "Giua, Stephanie"]
[Black "Cau, Benjamin"]
[Result "0-1"]
[WhiteElo "1962"]
[BlackElo "2172"]
[PlyCount "156"]
[EventDate "2010.07.??"]
[EventType "swiss"]
[EventRounds "9"]
[EventCountry "FRA"]
[WhiteTeamCountry "FRA"]
[BlackTeamCountry "FRA"]

1. e4 c6 2. d4 d5 3. exd5 cxd5 4. Bd3 Nc6 5. c3 Nf6 6. Bf4 Bg4 7. Qb3 Qd7 8.
Nd2 e6 9. Ngf3 Bxf3 10. Nxf3 Bd6 11. Bxd6 Qxd6 12. O-O Rb8 13. Rfe1 O-O 14. Ne5
Rfc8 15. a4 Na5 16. Qd1 Nc4 17. Bxc4 dxc4 18. a5 Qd5 19. Qa4 Rc7 20. Re2 h6 21.
Qc2 Rd8 22. Nf3 Qc6 23. Ne5 Qb5 24. Qa4 Qd5 25. Nf3 Rc6 26. Re5 Qd6 27. Rb5 Rc7
28. Ne5 Rdc8 29. Qb4 Qa6 30. Qa4 Nd5 31. Nf3 Qd6 32. a6 b6 33. Ne1 h5 34. Nc2
h4 35. h3 Qf4 36. Nb4 Qe4 37. Qc2 Qxc2 38. Nxc2 Kf8 39. Nb4 Rd7 40. Nxd5 exd5
41. Re1 Re8 42. Rxe8+ Kxe8 43. f4 Ke7 44. Kf2 f5 45. Kf3 Kd6 46. b3 cxb3 47.
Rxb3 Re7 48. Rb1 Kc6 49. Kf2 b5 50. Ra1 Kb6 51. Kf3 Re6 52. Kf2 Rc6 53. Ra3 Rg6
54. Ra1 Rg3 55. Re1 Kxa6 56. Re5 Rxc3 57. Rxd5 b4 58. Rd8 Kb5 59. d5 a5 60. d6
Rd3 61. d7 Ka4 62. Ke2 Rd5 63. Ke3 b3 64. Ke2 g6 65. Ke3 Ka3 66. Ra8 Rxd7 67.
Rxa5+ Kb4 68. Ra8 b2 69. Rb8+ Kc3 70. Rc8+ Kb3 71. Rb8+ Kc2 72. Rc8+ Kb1 73.
Rb8 Rd5 74. Rb7 Kc2 75. Rc7+ Kb3 76. Rb7+ Kc3 77. Rb6 Rd3+ 78. Ke2 Rd4 0-1

[Event "LUCOPEN 01st Op"]
[Site "Lille"]
[Date "2010.??.??"]
[Round "4.58"]
[White "Adrien, Vincent"]
[Black "Geay, Philippe"]
[Result "1-0"]
[WhiteElo "1927"]
[BlackElo "1460"]
[PlyCount "43"]
[EventDate "2010.04.??"]
[EventType "swiss"]
[EventRounds "7"]
[EventCountry "FRA"]
[WhiteTeamCountry "FRA"]
[BlackTeamCountry "FRA"]

1. e4 c5 2. Nf3 g6 3. d4 Bg7 4. Nc3 cxd4 5. Nxd4 Nf6 6. e5 Ng8 7. f4 Nc6 8. Be3
Nh6 9. Qd2 e6 10. O-O-O Nxd4 11. Bxd4 a6 12. Ne4 Nf5 13. Bc5 d5 14. exd6 Bd7
15. g4 Nh6 16. Bd4 f6 17. g5 Ng8 18. Bg2 e5 19. Nxf6+ Bxf6 20. gxf6 exd4 21.
Rhe1+ Kf8 22. Re7 1-0

[Event "Championnat de Ligue Individuel"]
[Site "Vendin les Bethune"]
[Date "2010.??.??"]
[Round "2.7"]
[White "Ait Chaouche, Samy"]
[Black "Griffon, Olivier"]
[Result "1-0"]
[WhiteElo "2019"]
[BlackElo "1970"]
[PlyCount "115"]
[EventDate "2008.??.??"]
[EventType "swiss"]
[EventRounds "7"]
[EventCountry "FRA"]
[WhiteTeamCountry "FRA"]
[BlackTeamCountry "FRA"]

1. e4 c5 2. Nc3 Nc6 3. g3 g6 4. Bg2 Bg7 5. d3 d6 6. Be3 e6 7. Qd2 Rb8 8. Nge2
Nge7 9. Bh6 O-O 10. h4 Bxh6 11. Qxh6 Kh8 12. h5 Ng8 13. Qd2 g5 14. f4 h6 15.
Nd1 f6 16. Ne3 e5 17. c3 b6 18. O-O-O Be6 19. Kb1 b5 20. d4 cxd4 21. cxd4 Na5
22. d5 Bd7 23. Bh3 Bxh3 24. Rxh3 Qb6 25. Rc1 Rfc8 26. Rhh1 Nb7 27. Rhf1 Nc5 28.
fxe5 fxe5 29. g4 Nxe4 30. Qd3 Nef6 31. Rcd1 Rb7 32. Ng3 Qd8 33. Rf2 Qd7 34.
Rdf1 Rbc7 35. Ngf5 Qh7 36. Qxb5 Ne7 37. Qb4 Nxf5 38. Rxf5 Nxg4 39. Qxg4 Rf7 40.
a3 Rcf8 41. Ka2 Qg8 42. Rxf7 Rxf7 43. Rxf7 Qxf7 44. Qc8+ Kg7 45. Nf5+ Kf6 46.
Qe6+ Qxe6 47. dxe6 Kxe6 48. Nxh6 e4 49. Ng4 Kf5 50. Ne3+ Kf4 51. h6 Kxe3 52. h7
g4 53. h8=Q g3 54. Qc3+ Kf2 55. Qd2+ Kf3 56. Qd1+ Kf2 57. Qxd6 e3 58. Qf4+ 1-0

[Event "Championnat de Ligue Individuel"]
[Site "Vendin les Bethune"]
[Date "2010.??.??"]
[Round "3.4"]
[White "Ait Chaouche, Samy"]
[Black "Renard, Stephane"]
[Result "0-1"]
[WhiteElo "2019"]
[BlackElo "1937"]
[PlyCount "62"]
[EventDate "2008.??.??"]
[EventType "swiss"]
[EventRounds "7"]
[EventCountry "FRA"]
[WhiteTeamCountry "FRA"]
[BlackTeamCountry "FRA"]

1. e4 c5 2. Na3 Nc6 3. Bb5 Qc7 4. Nf3 e6 5. Bxc6 Qxc6 6. O-O Qxe4 7. Re1 Qc6 8.
Ne5 Qb6 9. Qh5 g6 10. Qf3 f6 11. Nac4 Qa6 12. d3 d5 13. Ng4 dxc4 14. Nxf6+ Nxf6
15. Qxf6 Rg8 16. Bg5 Qd6 17. Qf3 Be7 18. Bf4 Qc6 19. Qh3 h5 20. dxc4 Bd7 21.
Rad1 O-O-O 22. Qa3 a6 23. Qa5 g5 24. Be5 g4 25. Re3 h4 26. Rb3 h3 27. gxh3
gxh3+ 28. Kf1 Rg1+ 29. Ke2 Qe4+ 30. Re3 Qxc2+ 31. Kf3 Rf8+ 0-1

[Event "LUCOPEN 01st Op"]
[Site "Lille"]
[Date "2010.??.??"]
[Round "4.40"]
[White "Alvin, Leo"]
[Black "Perche, Louis"]
[Result "1-0"]
[WhiteElo "1969"]
[BlackElo "1550"]
[PlyCount "39"]
[EventDate "2010.04.??"]
[EventType "swiss"]
[EventRounds "7"]
[EventCountry "FRA"]
[WhiteTeamCountry "FRA"]
[BlackTeamCountry "FRA"]

1. d4 Nf6 2. c4 e6 3. Nc3 Bb4 4. Qc2 d5 5. e3 O-O 6. a3 Bxc3+ 7. Qxc3 Nc6 8.
Nf3 b6 9. cxd5 Qxd5 10. Bc4 Qd7 11. Bb5 Bb7 12. Ne5 Qd5 13. Bxc6 Bxc6 14. Qxc6
Qxc6 15. Nxc6 Nd7 16. Bd2 a5 17. O-O f6 18. b4 Ra6 19. b5 Raa8 20. e4 1-0

[Event "Open International d'Ambès 2010"]
[Site "Ambes"]
[Date "2010.??.??"]
[Round "5.4"]
[White "Andonov, Bogomil"]
[Black "Galloux, Maxime"]
[Result "1-0"]
[WhiteElo "2304"]
[BlackElo "2021"]
[PlyCount "47"]
[EventDate "2010.04.??"]
[EventType "swiss"]
[EventRounds "9"]
[EventCountry "FRA"]
[WhiteTeamCountry "FRA"]
[BlackTeamCountry "FRA"]

1. d4 Nf6 2. Nf3 g6 3. c4 Bg7 4. Nc3 O-O 5. e4 d6 6. h3 e5 7. d5 a5 8. Bg5 Na6
9. g4 Qe8 10. Nd2 Nd7 11. Be2 Ndc5 12. Nf1 f5 13. gxf5 gxf5 14. Rg1 Kh8 15. Ng3
fxe4 16. Nh5 Qg6 17. Rg3 Qf5 18. Kd2 Rf7 19. Qg1 Bd7 20. Be3 Bf6 21. Qg2 Raf8
22. Rg1 h6 23. Nxf6 Qxf6 24. Rg6 1-0

[Event "Open International d'Ambès 2010"]
[Site "Ambes"]
[Date "2010.??.??"]
[Round "7"]
[White "Andonov, Bogomil"]
[Black "Zubarev, Alexander"]
[Result "0-1"]
[WhiteElo "2304"]
[BlackElo "2536"]
[PlyCount "20"]
[EventDate "2010.04.??"]
[EventType "swiss"]
[EventRounds "9"]
[EventCountry "FRA"]
[WhiteTeamCountry "FRA"]
[BlackTeamCountry "FRA"]

1. Nf3 g6 2. e4 Bg7 3. d4 c5 4. c4 b6 5. dxc5 bxc5 6. Bd3 d6 7. h3 Nc6 8. a3
Be6 9. Qe2 Rc8 10. O-O Qd7 0-1

[Event "FRA T U 20"]
[Site "Mulhouse"]
[Date "2010.??.??"]
[Round "2.2"]
[White "Ane, Cedric"]
[Black "Muheim, Sebastien"]
[Result "0-1"]
[WhiteElo "2058"]
[BlackElo "2040"]
[PlyCount "81"]
[EventDate "2010.??.??"]
[EventType "match"]
[EventCountry "FRA"]
[WhiteTeamCountry "FRA"]
[BlackTeamCountry "FRA"]

1. e4 c5 2. Nf3 d6 3. d4 cxd4 4. Nxd4 Nf6 5. Nc3 a6 6. Bc4 Nbd7 7. O-O g6 8.
Qe2 Qc7 9. Bg5 Bg7 10. Rad1 b5 11. Bd5 Bb7 12. f4 O-O 13. Bxb7 Qxb7 14. e5 dxe5
15. fxe5 b4 16. exf6 exf6 17. Bf4 bxc3 18. b3 f5 19. Qe3 Nf6 20. Qxc3 Ne4 21.
Qf3 Rfe8 22. c4 Re7 23. Bc1 Rae8 24. Ne2 Qb6+ 25. Be3 Qa5 26. Nf4 Nc3 27. Nd5
Nxd5 28. Rxd5 Qxa2 29. Bc5 Re2 30. g4 Qc2 31. gxf5 gxf5 32. Rxf5 Kh8 33. Rf2
Qc1+ 34. Rf1 Qb2 35. Rf2 Bd4 36. Bxd4+ Qxd4 37. Rg5 Rxf2 38. Qxf2 Qd1+ 39. Kg2
Re2 40. Rd5 Rxf2+ 41. Kxf2 0-1

[Event "FRA T U 20"]
[Site "Mulhouse"]
[Date "2010.??.??"]
[Round "1.2"]
[White "Ane, Cedric"]
[Black "Wurtz, Guillaume"]
[Result "1-0"]
[WhiteElo "2058"]
[BlackElo "1834"]
[PlyCount "60"]
[EventDate "2010.??.??"]
[EventType "match"]
[EventCountry "FRA"]
[WhiteTeamCountry "FRA"]
[BlackTeamCountry "FRA"]

1. e4 c5 2. Nf3 Nc6 3. d4 cxd4 4. Nxd4 e5 5. Nb5 d6 6. c4 Be7 7. N1c3 a6 8. Na3
f5 9. exf5 Bxf5 10. Bd3 Be6 11. Nc2 Nf6 12. O-O O-O 13. Nd5 Rc8 14. b3 Nb8 15.
Nce3 e4 16. Be2 Nbd7 17. Nf4 Bf7 18. Nf5 Nc5 19. Bb2 Ne6 20. Nd5 Nxd5 21. cxd5
Nf4 22. Bxg7 Bf6 23. Bxf8 Kxf8 24. Bg4 Rc5 25. Qd2 Be5 26. h4 h5 27. Rac1 hxg4
28. g3 Rxd5 29. Qe3 Nd3 30. Qh6+ Kg8 1-0

[Event "2eme Open Tarn Nord"]
[Site "Blaye les Mines"]
[Date "2010.??.??"]
[Round "6.2"]
[White "Arlabosse, Nicolas"]
[Black "Gipouloux, Laurent"]
[Result "0-1"]
[WhiteElo "1884"]
[BlackElo "1760"]
[PlyCount "84"]
[EventDate "2006.??.??"]
[EventType "swiss"]
[EventRounds "7"]
[EventCountry "FRA"]
[WhiteTeamCountry "FRA"]
[BlackTeamCountry "FRA"]

1. e4 e5 2. Nf3 Nc6 3. d4 exd4 4. Nxd4 Bc5 5. Be3 Qf6 6. c3 Nge7 7. Be2 d6 8.
O-O Qg6 9. Nb5 O-O 10. Bxc5 dxc5 11. Nxc7 Bh3 12. Bf3 Rad8 13. Nd5 Nxd5 14.
exd5 Ne5 15. Na3 Nd3 16. Qc2 Bf5 17. Qd2 Ne5 18. Kh1 Nxf3 19. gxf3 Qh5 20. Qd1
Rd6 21. Rg1 Rh6 22. Rg2 Bh3 23. Rg3 Bg4 24. Qg1 Bxf3+ 25. Rxf3 Qxf3+ 26. Qg2
Qxg2+ 27. Kxg2 Re8 28. Rd1 Re2 29. d6 Re8 30. Nc4 Rd8 31. a4 a6 32. a5 Re6 33.
d7 Kf8 34. Kf3 Ke7 35. Nb6 Rxb6 36. axb6 Rxd7 37. Re1+ Kd6 38. Re4 Kc6 39. b4
Kxb6 40. Kf4 cxb4 41. cxb4 Kb5 42. Kf5 Rd2 0-1

[Event "2eme Open Tarn Nord"]
[Site "Blaye les Mines"]
[Date "2010.??.??"]
[Round "1.6"]
[White "Arlabosse, Nicolas"]
[Black "Serra, Michel"]
[Result "1-0"]
[WhiteElo "1884"]
[BlackElo "1600"]
[PlyCount "69"]
[EventDate "2006.??.??"]
[EventType "swiss"]
[EventRounds "7"]
[EventCountry "FRA"]
[WhiteTeamCountry "FRA"]
[BlackTeamCountry "FRA"]

1. e4 e5 2. Nf3 Nf6 3. Nxe5 d6 4. Nf3 Nxe4 5. d4 d5 6. Bd3 Bf5 7. O-O Be7 8.
Bf4 O-O 9. c4 c6 10. Qb3 Qb6 11. Qc2 Bf6 12. c5 Qd8 13. Nc3 Re8 14. Rfe1 Na6
15. a3 Qd7 16. Rad1 Re7 17. Nxe4 dxe4 18. Bxe4 Bxe4 19. Rxe4 Rxe4 20. Qxe4 Re8
21. Qd3 Nc7 22. Bxc7 Qxc7 23. g3 Rd8 24. Qe4 h6 25. b4 Qd7 26. Kg2 Qd5 27. Qf4
Qd7 28. h4 h5 29. Re1 Kh7 30. Re4 Kg6 31. Re5 Qc8 32. Qe4+ Kh6 33. Rxh5+ Kxh5
34. Qh7+ Kg4 35. Nh2# 1-0

[Event "2eme Open Tarn Nord"]
[Site "Blaye les Mines"]
[Date "2010.??.??"]
[Round "7.3"]
[White "Arlabosse, Nicolas"]
[Black "Van Nuvel, Jean Michel"]
[Result "1/2-1/2"]
[WhiteElo "1884"]
[BlackElo "1828"]
[PlyCount "40"]
[EventDate "2006.??.??"]
[EventType "swiss"]
[EventRounds "7"]
[EventCountry "FRA"]
[WhiteTeamCountry "FRA"]
[BlackTeamCountry "FRA"]

1. e4 e6 2. d4 d5 3. exd5 exd5 4. Bd3 Bd6 5. c3 Ne7 6. Qc2 Be6 7. f4 Qc8 8. Nf3
c5 9. b3 Nbc6 10. Na3 a6 11. Qb2 Bf5 12. Bxf5 Nxf5 13. O-O O-O 14. Nc2 f6 15.
Re1 Qd7 16. Bd2 Rfe8 17. Kh1 b5 18. dxc5 Bxc5 19. Ncd4 Ncxd4 20. cxd4 Bd6
1/2-1/2

[Event "2eme Open Tarn Nord"]
[Site "Blaye les Mines"]
[Date "2010.??.??"]
[Round "3.3"]
[White "Auge, Jean"]
[Black "Devecchi, Jorge"]
[Result "1/2-1/2"]
[WhiteElo "1941"]
[BlackElo "1750"]
[PlyCount "83"]
[EventDate "2006.??.??"]
[EventType "swiss"]
[EventRounds "7"]
[EventCountry "FRA"]
[WhiteTeamCountry "FRA"]
[BlackTeamCountry "FRA"]

1. e4 e5 2. f4 d5 3. exd5 e4 4. Nc3 Nf6 5. Bb5+ c6 6. dxc6 bxc6 7. Bc4 Bc5 8.
Nge2 Bg4 9. h3 Bh5 10. Na4 Bxe2 11. Qxe2 Nbd7 12. Nxc5 Nxc5 13. b4 Ncd7 14. O-O
Qb6+ 15. Kh2 Qxb4 16. a4 Nb6 17. Bb3 Nbd5 18. Qa6 O-O 19. Qxc6 Rfc8 20. Qb5 Qe7
21. Ba3 Qd8 22. Kh1 Rab8 23. Qe2 Ne7 24. Bxe7 Qxe7 25. Rae1 Qb4 26. d3 Re8 27.
dxe4 Rxe4 28. Qf2 Rbe8 29. Rb1 Qa5 30. Qf3 Re3 31. Qb7 Qh5 32. Rf3 Re1+ 33.
Rxe1 Rxe1+ 34. Kh2 Re8 35. Kg1 a5 36. g4 Qc5+ 37. Rf2 Re7 38. Qb8+ Ne8 39. Qb5
Qc3 40. Qd3 Qc6 41. Re2 Qc5+ 42. Kh2 1/2-1/2

[Event "2eme Open Tarn Nord"]
[Site "Blaye les Mines"]
[Date "2010.??.??"]
[Round "5.3"]
[White "Auge, Jean"]
[Black "Fabre, Philippe"]
[Result "1/2-1/2"]
[WhiteElo "1941"]
[BlackElo "1720"]
[PlyCount "71"]
[EventDate "2006.??.??"]
[EventType "swiss"]
[EventRounds "7"]
[EventCountry "FRA"]
[WhiteTeamCountry "FRA"]
[BlackTeamCountry "FRA"]

1. e4 d6 2. d4 Nf6 3. Bd3 g6 4. Ne2 Bg7 5. O-O O-O 6. f4 c5 7. e5 Nfd7 8. exd6
exd6 9. d5 Nf6 10. c4 Re8 11. Nbc3 a6 12. f5 Nbd7 13. fxg6 fxg6 14. Bg5 Ne5 15.
Ne4 Rf8 16. N2c3 Nxd3 17. Qxd3 Bf5 18. Rae1 Qd7 19. Bxf6 Bxf6 20. Nxf6+ Rxf6
21. Qg3 Raf8 22. Qe3 R6f7 23. h3 b5 24. cxb5 axb5 25. b3 c4 26. bxc4 bxc4 27.
a4 Qa7 28. Qxa7 Rxa7 29. g4 Bc2 30. Rxf8+ Kxf8 31. Kf2 Bxa4 32. Re6 Ra6 33.
Nxa4 Rxa4 34. Rxd6 Ke7 35. Rb6 Ra7 36. Rc6 1/2-1/2

[Event "2eme Open Tarn Nord"]
[Site "Blaye les Mines"]
[Date "2010.??.??"]
[Round "7.7"]
[White "Auge, Jean"]
[Black "Imhoff, Francois"]
[Result "0-1"]
[WhiteElo "1941"]
[BlackElo "1440"]
[PlyCount "64"]
[EventDate "2006.??.??"]
[EventType "swiss"]
[EventRounds "7"]
[EventCountry "FRA"]
[WhiteTeamCountry "FRA"]
[BlackTeamCountry "FRA"]

1. e4 e5 2. f4 d5 3. exd5 exf4 4. Bb5+ c6 5. dxc6 bxc6 6. Qe2+ Qe7 7. Qxe7+
Bxe7 8. Ba4 Bh4+ 9. Kf1 Nf6 10. Nf3 g5 11. d3 Nd5 12. Nxh4 gxh4 13. Nc3 Ne3+
14. Bxe3 fxe3 15. Re1 Bb7 16. Rxe3+ Kd8 17. Rg1 Nd7 18. g3 h3 19. Ke2 Kc7 20.
Rf1 f6 21. Rf4 Rae8 22. Rh4 Rxe3+ 23. Kxe3 Re8+ 24. Kf4 Re1 25. Rxh3 Ne5 26.
Rxh7+ Kb6 27. Ne4 Rf1+ 28. Ke3 Ng4+ 29. Ke2 Rg1 30. h3 f5 31. Nd6 Rg2+ 32. Kf3
Rf2# 0-1

[Event "2eme Open Tarn Nord"]
[Site "Blaye les Mines"]
[Date "2010.??.??"]
[Round "1.2"]
[White "Auge, Jean"]
[Black "Masot, Liberto"]
[Result "1-0"]
[WhiteElo "1941"]
[BlackElo "1728"]
[PlyCount "32"]
[EventDate "2006.??.??"]
[EventType "swiss"]
[EventRounds "7"]
[EventCountry "FRA"]
[WhiteTeamCountry "FRA"]
[BlackTeamCountry "FRA"]

1. e4 d5 2. exd5 Qxd5 3. Qf3 Nf6 4. Nc3 Qd6 5. d4 c6 6. Bf4 Qxd4 7. Bg3 Bg4 8.
Qd3 Qxd3 9. Bxd3 Nbd7 10. f3 Be6 11. b4 Bd5 12. Nge2 e5 13. Rb1 Bd6 14. a4 O-O
15. O-O c5 16. Nxd5 Nxd5 {suite illisible} 1-0

[Event "Open International d'Ambès 2010"]
[Site "Ambes"]
[Date "2010.??.??"]
[Round "3.3"]
[White "Banana, Adnanne"]
[Black "Favarel, Antoine"]
[Result "0-1"]
[WhiteElo "1717"]
[BlackElo "2231"]
[PlyCount "92"]
[EventDate "2010.04.??"]
[EventType "swiss"]
[EventRounds "9"]
[EventCountry "FRA"]
[WhiteTeamCountry "FRA"]
[BlackTeamCountry "FRA"]

1. e4 c5 2. Nf3 Nc6 3. d4 cxd4 4. Nxd4 Nf6 5. Nc3 e5 6. Ndb5 d6 7. Bg5 a6 8.
Na3 b5 9. Nd5 Be7 10. Bxf6 Bxf6 11. c3 O-O 12. Nc2 Rb8 13. Be2 Bg5 14. O-O Be6
15. a4 bxa4 16. Rxa4 Rxb2 17. Rxa6 Nb8 18. Ra8 Bxd5 19. exd5 Qc7 20. Ra3 Qc5
21. Nb4 Rd2 22. Qc1 Ra2 23. Rxa2 Bxc1 24. Rxc1 e4 25. Kh1 Qxf2 26. Bb5 Qe3 27.
Rac2 f5 28. c4 Qc5 29. Na2 f4 30. Nc3 Qe3 31. c5 dxc5 32. d6 f3 33. d7 f2 34.
Rf1 Qd4 35. Ne2 Qd6 36. Nc3 e3 37. Ne4 Qg6 38. Bd3 Nxd7 39. Nxc5 Qd6 40. Bc4+
Kh8 41. Ne4 Qd4 42. Ng5 Ne5 43. Be2 Re8 44. Rfc1 h6 45. Nh3 Rd8 46. Nf4 Qxf4
0-1

[Event "FRA T U 20"]
[Site "Mulhouse"]
[Date "2010.??.??"]
[Round "3.5"]
[White "Banat, Rizlene"]
[Black "Rodriguez, Adrien"]
[Result "0-1"]
[WhiteElo "1570"]
[BlackElo "1813"]
[PlyCount "62"]
[EventDate "2010.??.??"]
[EventType "match"]
[EventCountry "FRA"]
[WhiteTeamCountry "FRA"]
[BlackTeamCountry "FRA"]

1. Nf3 d5 2. g3 c5 3. Bg2 Nc6 4. d4 e6 5. O-O Nf6 6. dxc5 Bxc5 7. e3 O-O 8.
Nbd2 Bd7 9. c4 Qc8 10. cxd5 Nxd5 11. Ne4 Be7 12. b3 f5 13. Neg5 h6 14. Nh3 g5
15. Nd2 Bf6 16. Ba3 Rd8 17. Rc1 Be8 18. Qc2 Qd7 19. Nc4 Bg6 20. Rfd1 Qg7 21.
Kh1 a6 22. Bxd5 exd5 23. Nb6 f4 24. Qd2 fxe3 25. Qxe3 Re8 26. Qd2 Be4+ 27. Kg1
Rad8 28. Re1 Nd4 29. Re3 Nf3+ 30. Rxf3 Bxf3 31. Qb4 Qg6 0-1

[Event "FRA T U 20"]
[Site "Mulhouse"]
[Date "2010.??.??"]
[Round "2.2"]
[White "Barbaras, Mathieu"]
[Black "Eden, James"]
[Result "0-1"]
[WhiteElo "1908"]
[BlackElo "1996"]
[PlyCount "80"]
[EventDate "2010.??.??"]
[EventType "match"]
[EventCountry "FRA"]
[WhiteTeamCountry "FRA"]
[BlackTeamCountry "FRA"]

1. e4 e5 2. Nf3 Nc6 3. Bc4 Nf6 4. d3 Bc5 5. c3 d6 6. b4 Bb6 7. a4 a5 8. b5 Ne7
9. Na3 O-O 10. Bb3 c6 11. O-O Ng6 12. Qe2 Bg4 13. h3 Bh5 14. Be3 d5 15. Bxb6
Qxb6 16. Qe3 d4 17. cxd4 Bxf3 18. dxe5 Qxe3 19. fxe3 Be2 20. Rf2 Nxe5 21. Rxe2
Nxd3 22. Bc2 Nb4 23. Rd1 Rfe8 24. Kf2 Nxc2 25. Rxc2 Nxe4+ 26. Kf3 Re6 27. bxc6
bxc6 28. Nc4 Rae8 29. g4 h5 30. Nxa5 hxg4+ 31. hxg4 Ng5+ 32. Kg2 Rxe3 33. Nxc6
Ra3 34. Rd5 f6 35. Rd4 Ree3 36. Rf2 Rg3+ 37. Kf1 Nh3 38. Rfd2 Rae3 39. Rd8+ Kh7
40. Rg2 Rgf3+ 0-1

[Event "FRA T U 20"]
[Site "Mulhouse"]
[Date "2010.??.??"]
[Round "1.1"]
[White "Barbaras, Mathieu"]
[Black "Lagarde, Maxime"]
[Result "1/2-1/2"]
[WhiteElo "1908"]
[BlackElo "2393"]
[PlyCount "90"]
[EventDate "2010.??.??"]
[EventType "match"]
[EventCountry "FRA"]
[WhiteTeamCountry "FRA"]
[BlackTeamCountry "FRA"]

1. e4 c5 2. Nf3 d6 3. Bb5+ Bd7 4. Bxd7+ Qxd7 5. O-O Nf6 6. Re1 Nc6 7. b3 g6 8.
c3 Bg7 9. d4 cxd4 10. cxd4 O-O 11. Bb2 Nh5 12. Nc3 Rac8 13. Qd2 f5 14. d5 Ne5
15. Nd4 f4 16. f3 g5 17. h3 Rf6 18. Nce2 Rg6 19. Ne6 Bf6 20. Rec1 Kf7 21. Rxc8
Qxc8 22. Rc1 Qe8 23. Rc7 Rg8 24. N2d4 Ng3 25. a4 a6 26. Rxb7 h5 27. Nf5 Nxf5
28. exf5 Qc8 29. Rc7 Qb8 30. Bxe5 Bxe5 31. Qc2 Qb6+ 32. Kh2 g4 33. hxg4 hxg4
34. Rc8 Qf2 35. Rxg8 Qh4+ 36. Kg1 Kxg8 37. Qc8+ Kh7 38. Qe8 Qe1+ 39. Kh2 Qg3+
40. Kh1 Qh4+ 41. Kg1 Bd4+ 42. Nxd4 Qe1+ 43. Kh2 Qg3+ 44. Kg1 Qe1+ 45. Kh2 Qg3+
1/2-1/2

[Event "FRA T U 20"]
[Site "Mulhouse"]
[Date "2010.??.??"]
[Round "3.1"]
[White "Barbaras, Mathieu"]
[Black "Netzer, Jacques"]
[Result "0-1"]
[WhiteElo "1908"]
[BlackElo "2174"]
[PlyCount "70"]
[EventDate "2010.??.??"]
[EventType "match"]
[EventCountry "FRA"]
[WhiteTeamCountry "FRA"]
[BlackTeamCountry "FRA"]

1. c4 g6 2. g3 Bg7 3. Bg2 c5 4. Nc3 e6 5. d3 Ne7 6. e4 Nbc6 7. Be3 d6 8. Qd2
Nd4 9. Nge2 a6 10. h4 h6 11. O-O Rb8 12. Rab1 Nec6 13. b3 Qa5 14. Rfe1 b5 15.
f4 b4 16. Nd1 O-O 17. e5 Kh7 18. Bxd4 Nxd4 19. Nxd4 cxd4 20. exd6 Qc5 21. Nf2
f5 22. Re2 Qxd6 23. Nh3 Bd7 24. Kh2 Rbe8 25. Rbe1 e5 26. Ng1 g5 27. Nh3 exf4
28. gxf4 g4 29. Nf2 Re3 30. Rxe3 Qxf4+ 31. Kg1 dxe3 32. Rxe3 Re8 33. Re2 Qxd2
34. Rxd2 Re1+ 35. Bf1 Bd4 0-1

[Event "Championnat de Ligue Individuel"]
[Site "Vendin les Bethune"]
[Date "2010.??.??"]
[Round "7.1"]
[White "Barbaut, Michel"]
[Black "Bianchi, Guillaume"]
[Result "1/2-1/2"]
[WhiteElo "2042"]
[BlackElo "2202"]
[PlyCount "28"]
[EventDate "2008.??.??"]
[EventType "swiss"]
[EventRounds "7"]
[EventCountry "FRA"]
[WhiteTeamCountry "FRA"]
[BlackTeamCountry "FRA"]

1. e4 e5 2. Nf3 Nc6 3. Bc4 Nf6 4. d4 exd4 5. e5 d5 6. Bb5 Ne4 7. Nxd4 Bd7 8.
Bxc6 bxc6 9. O-O Bc5 10. Be3 O-O 11. f3 Ng5 12. f4 Ne4 13. Nd2 Nxd2 14. Qxd2
Bxd4 1/2-1/2

[Event "Championnat de Ligue Individuel"]
[Site "Vendin les Bethune"]
[Date "2010.??.??"]
[Round "3.5"]
[White "Barbaut, Michel"]
[Black "Bougel, Claude"]
[Result "1-0"]
[WhiteElo "2042"]
[BlackElo "1821"]
[PlyCount "40"]
[EventDate "2008.??.??"]
[EventType "swiss"]
[EventRounds "7"]
[EventCountry "FRA"]
[WhiteTeamCountry "FRA"]
[BlackTeamCountry "FRA"]

1. e4 c5 2. d4 cxd4 3. c3 dxc3 4. Nxc3 e6 5. Nf3 Nc6 6. Bc4 a6 7. O-O b5 8. Bb3
Bb7 9. Qe2 Bc5 10. Rd1 Nge7 11. e5 Qb6 12. Ne4 Nf5 13. Nxc5 Qxc5 14. Bg5 Ncd4
15. Nxd4 Nxd4 16. Qd3 Qc6 17. f3 Nxb3 18. axb3 Qd5 19. Qe3 Qc6 20. Rac1 Qd5 1-0

[Event "Championnat de Ligue Individuel"]
[Site "Vendin les Bethune"]
[Date "2010.??.??"]
[Round "5.5"]
[White "Barbaut, Michel"]
[Black "Delassus, Sebastien"]
[Result "1-0"]
[WhiteElo "2042"]
[BlackElo "1720"]
[PlyCount "59"]
[EventDate "2008.??.??"]
[EventType "swiss"]
[EventRounds "7"]
[EventCountry "FRA"]
[WhiteTeamCountry "FRA"]
[BlackTeamCountry "FRA"]

1. e4 e5 2. Bc4 d6 3. d4 exd4 4. Nf3 Be7 5. Nxd4 Nf6 6. Nc3 O-O 7. O-O Nbd7 8.
f4 Nb6 9. Be2 c6 10. a4 Nbd7 11. Bf3 Nc5 12. Be3 Ne6 13. Nf5 Nc7 14. Ng3 Be6
15. Qe2 d5 16. Rad1 Qe8 17. f5 dxe4 18. Ncxe4 Bd5 19. Nxf6+ Bxf6 20. Nh5 Bxb2
21. c4 Bxf3 22. Rxf3 Be5 23. f6 Qe6 24. Nxg7 Qg4 25. Bc1 Bxf6 26. Nf5 Kh8 27.
Nh6 Qe6 28. Qf2 Ne8 29. Rxf6 Qxf6 30. Bb2 1-0